Click Class by Musical Instrument - Statistics

General Stats
  • This quiz has been taken 154 times
    150 since last reset
  • The average score is 16 of 20
Answer Stats
Hint Answer % Correct
Drums Percussion
91%
Cello String
91%
Violin String
90%
Ukulele String
90%
Cymbals Percussion
89%
Tuba Brass
87%
Triangle Percussion
87%
Xylophone Percussion
87%
Oboe Woodwind
87%
Flute Woodwind
87%
Trumpet Brass
86%
Electric Guitar String
86%
Trombone Brass
85%
Tambourine Percussion
85%
French Horn Brass
82%
Bass String
77%
Bassoon Woodwind
77%
Saxophone Woodwind
62%
Pipe Organ Woodwind
38%
Didgeridoo Brass
3%
No matching quizzes found
Score Distribution
Percent of People with Each Score
Percentile by Number Answered
Your Score History
You have not taken this quiz since the last reset